[Event "Parsvnath ch-Commonwealth"]
[Site "New Delhi IND"]
[Date "2007.12.07"]
[Round "7"]
[White "Shetty,R"]
[Black "Amrutha,M"]
[Result "1-0"]
[WhiteElo "2320"]
[BlackElo "2159"]

1.e4 c5 2.Nf3 e6 3.d4 cxd4 4.Nxd4 a6 5.Bd3 Nf6 6.O-O Qc7 7.Qe2 d6 8.c4 g6
9.b4 Bg7 10.Bb2 O-O 11.a3 Nbd7 12.Nd2 b6 13.Rac1 Bb7 14.Kh1 Rac8 15.Rfd1 Qb8
16.f3 Nh5 17.Qf2 Be5 18.Nf1 d5 19.cxd5 exd5 20.exd5 Rxc1 21.Bxc1 b5 22.Nc6 Bxc6
23.dxc6 Nb6 24.Be3 Nc4 25.Bxc4 bxc4 26.Bb6 Rc8 27.Rd7 Nf6 28.Rd1 Qa8 29.Qc5 Qxc6
30.Rd8+ Rxd8 31.Qxc6 Rd6 32.Qc8+ Kg7 33.Bc5  1-0

[Event "Parsvnath ch-Commonwealth"]
[Site "New Delhi IND"]
[Date "2007.12.08"]
[Round "8"]
[White "Kiran,M"]
[Black "Gusain,H"]
[Result "1/2-1/2"]
[WhiteElo "2263"]
[BlackElo "2085"]

1.e4 c5 2.Nf3 e6 3.d4 cxd4 4.Nxd4 a6 5.Bd3 Qc7 6.Qe2 d6 7.c4 Nf6 8.O-O Be7
9.Nc3 O-O 10.Be3 b6 11.Rac1 Bb7 12.Rfd1 Nbd7 13.f3 Rac8 14.b3 Rfe8 15.Qf2 Qb8
16.Nde2 Bd8 17.Bb1 Bc7 18.Qh4 Nf8 19.Bd4 Ng6 20.Qh3 Ne5 21.Ng3 Rcd8 22.Nf1 Rd7
23.Ne3 Qd8 24.f4 Ng6 25.Bxf6 Qxf6 26.Ned5 Qd8 27.Nxc7 Rxc7 28.Qe3 Rd7 29.Rd2 Bc6
30.Ne2 Qc7 31.a4 a5 32.Rcd1 Bb7 33.Qf2 Red8 34.Nd4 d5 35.f5 Nf8 36.exd5 exd5
37.f6 g6 38.Qh4 Qe5 39.Re1 Qh5 40.Qxh5 gxh5 41.Bf5 Rd6 42.Re7 dxc4 43.Rxb7 Rxd4
44.Rxd4 Rxd4 45.bxc4 Rf4 46.Bd3 Rxf6 47.Be4 Ng6 48.g3 Ne5 49.Bd5 Nd3 50.Rc7 Nc5
51.Bc6 Kg7 52.Bb5 h4 53.Kg2 hxg3 54.hxg3 Ne4 55.Bc6 Nc5 56.Bb5 Kg6 57.Be8 Kf5
58.Bxf7 Nxa4 59.Be8 Nb2 60.Rxh7 Rd6  1/2-1/2

[Event "ch-Marshall CC"]
[Site "New York USA"]
[Date "2007.12.08"]
[Round "3"]
[White "Sena,J"]
[Black "Stripunsky,A"]
[Result "1/2-1/2"]
[WhiteElo "2183"]
[BlackElo "2592"]

1.e4 c5 2.Nf3 e6 3.d4 cxd4 4.Nxd4 a6 5.Bd3 Bc5 6.Nb3 Ba7 7.Qe2 Ne7 8.Nc3 d6
9.Be3 b5 10.Bxa7 Rxa7 11.a3 e5 12.Qe3 Rb7 13.O-O Be6 14.Nd2 O-O 15.Ne2 Nd7
16.f4 f6 17.c4 Nc5 18.b4 Nxd3 19.Qxd3 Qb6+ 20.Kh1 Rc8 21.cxb5 Qxb5 22.Qxb5 axb5
23.Rfc1 Rbc7 24.f5 Bd7 25.Rxc7 Rxc7 26.Rc1 Rxc1+ 27.Nxc1 d5 28.exd5 Bxf5
29.d6 Nd5 30.Ne4 Kf7 31.Nc5 Nb6 32.Ne2 Nc4 33.d7 Ke7 34.Nc3 Bxd7 35.Nxd7 Kxd7
36.Nxb5 Ne3 37.Nc3 Nc2 38.Nb1 Ke6 39.Kg1 f5 40.Kf2 e4 41.Ke2 g5 42.Kd2 Nd4
43.Ke3 Nb5  1/2-1/2

[Event "Parsvnath ch-Commonwealth"]
[Site "New Delhi IND"]
[Date "2007.12.09"]
[Round "9"]
[White "Nitin,S"]
[Black "Gahan,M"]
[Result "1-0"]
[WhiteElo "2321"]
[BlackElo "2005"]

1.e4 c5 2.Nf3 e6 3.d4 cxd4 4.Nxd4 a6 5.Bd3 Nf6 6.O-O d6 7.c4 Qc7 8.Nc3 Nbd7
9.Be2 b6 10.Be3 Bb7 11.f3 Be7 12.Rc1 O-O 13.b4 Rac8 14.g4 Rfd8 15.g5 Ne8
16.f4 Qb8 17.f5 e5 18.Nb3 d5 19.Nxd5 Bxd5 20.cxd5 Rxc1 21.Nxc1 Bxb4 22.Nd3 Bf8
23.Qe1 Rc8 24.f6 Nd6 25.Bg4 Qb7 26.Bxd7 Qxd7 27.Nxe5 Qa4 28.Nc6 Qxe4 29.fxg7 Bxg7
30.Bxb6 Qg4+ 31.Qg3 Qxg3+ 32.hxg3 Re8 33.Bc7 Nb7 34.d6 Nc5 35.Ne7+ Kf8 36.Rf5 Bd4+
37.Kg2 Ne6 38.Nc6 Ra8 39.Rd5 Be3 40.d7 Bxg5 41.Rxg5 Nxg5 42.d8=Q+ Rxd8 43.Bxd8 Ne4
44.Nb4 Nc3 45.a3 Ke8 46.Bb6 Nb1 47.a4 Kd7 48.a5 Nd2 49.Nxa6 Nc4 50.Nb4  1-0

[Event "Parsvnath ch-Commonwealth"]
[Site "New Delhi IND"]
[Date "2007.12.10"]
[Round "10"]
[White "Wells,D"]
[Black "Priyanka,K"]
[Result "1/2-1/2"]
[WhiteElo "2024"]
[BlackElo "1899"]

1.e4 c5 2.Nf3 e6 3.d4 cxd4 4.Nxd4 a6 5.Bd3 Nf6 6.O-O Qc7 7.Qe2 d6 8.f4 Nbd7
9.c4 Be7 10.Nc3 b6 11.Kh1 Bb7 12.f5 e5 13.Nf3 h5 14.Be3 Nc5 15.Nd2 Rc8 16.Bc2 Ng4
17.Bg1 Nf6 18.Rac1 h4 19.Rf3 Nh5  1/2-1/2

[Event "XVII Magistral"]
[Site "Elgoibar ESP"]
[Date "2007.12.12"]
[Round "4"]
[White "Korneev,O"]
[Black "Paunovic,D"]
[Result "1/2-1/2"]
[WhiteElo "2587"]
[BlackElo "2535"]

1.e4 c5 2.Nf3 e6 3.d4 cxd4 4.Nxd4 a6 5.Bd3 g6 6.Nc3 Bg7 7.Be3 d6 8.Qd2 Nc6
9.Be2 Nxd4 10.Bxd4 Nf6 11.O-O-O O-O 12.g4 d5 13.e5 Nd7 14.f4 b5 15.h4 b4
16.Na4 f5 17.exf6 Nxf6 18.Nc5 Qc7 19.h5 gxh5 20.g5 Ne4 21.Nxe4 Bxd4 22.Nf6+ Bxf6
23.gxf6 Rxf6 24.f5 Bb7 25.Rxh5 e5 26.Qg5+ Qg7 27.Qh4 h6 28.Qh2 Kh7 29.Rg1 Qe7
30.Rhg5 Rc8 31.Rg7+ Qxg7 32.Rxg7+ Kxg7 33.Qxe5 Rc6 34.Bh5 Bc8 35.Qe7+ Kg8
36.Qe8+ Kg7 37.Qe7+ Kg8 38.Bg6 h5 39.Kd2 h4 40.Qh7+ Kf8 41.Qxh4 Ke7 42.Qxb4+ Kd8
43.Qa5+ Rc7 44.Qb4 Rc4 45.Qb8 Rfc6 46.c3 d4 47.Qe5 dxc3+ 48.bxc3 Rxc3 49.f6 Be6
50.Qb8+ Bc8 51.Qe5 Be6 52.Qb8+ Bc8 53.f7 Rf3 54.Be4 Rf2+ 55.Ke3 Rcf6 56.Bb7 Rc2
57.Bxc8 Rxc8 58.Qb7 Rc3+ 59.Kd4 Rcf3 60.Qb8+ Kd7 61.Qe8+ Kc7 62.Qe7+ Kb8
63.Qd8+ Kb7 64.Qd7+  1/2-1/2

[Event "Warsaw-Buenos Aires-Kolkata Match"]
[Site "Warsaw POL"]
[Date "2007.12.13"]
[Round "3"]
[White "Sandipan,C"]
[Black "Flores,Di"]
[Result "1-0"]
[WhiteElo "2593"]
[BlackElo "2566"]

1.e4 c5 2.Nf3 e6 3.d4 cxd4 4.Nxd4 a6 5.Bd3 Qc7 6.O-O Nf6 7.Qe2 d6 8.c4 g6
9.Nc3 Bg7 10.Be3 O-O 11.Rac1 Nc6 12.Nb3 Ne5 13.f4 Ned7 14.c5 Nxc5 15.Nxc5 dxc5
16.b4 cxb4 17.Nd5 Qd8 18.Bb6 Qd7 19.Nc7 Rb8 20.Ba7 b5 21.Bxb8 Qd4+ 22.Kh1 Nd7
23.Nxb5 axb5 24.Bc7 Nc5 25.Bxb5 Nxe4 26.Rc4 Nc3 27.Rxd4 Nxe2 28.Rxb4 Nd4
29.Ba4 Nf5 30.Rb8 Ba6 31.Rxf8+ Bxf8 32.Rb1 Kg7 33.Bc6 h5 34.a4 h4 35.a5 Bc5
36.Bb6 Bd6 37.Be4 Bxf4 38.Bxf5 exf5 39.Bd4+ Kh6 40.Rb6 Bc4 41.a6 h3 42.Kg1 hxg2
43.a7 Bd5 44.Rb8  1-0

[Event "ch-RSA"]
[Site "Milnerton RSA"]
[Date "2007.12.14"]
[Round "1"]
[White "Klaasen,C"]
[Black "Steel,H"]
[Result "0-1"]
[WhiteElo "1982"]
[BlackElo "2241"]

1.e4 c5 2.Nf3 e6 3.d4 cxd4 4.Nxd4 a6 5.Bd3 Qc7 6.O-O Nf6 7.Nc3 b5 8.a3 Bb7
9.Qe2 d6 10.Kh1 Nbd7 11.f4 Be7 12.Bd2 Nc5 13.Rae1 Nxd3 14.cxd3 O-O 15.Rc1 Qd7
16.Be3 Rac8 17.b4 Rfe8 18.Nb3 Bf8 19.Bd4 e5 20.fxe5 dxe5 21.Bc5 Qe6 22.Qb2 Nd7
23.Bxf8 Rxf8 24.a4 Qd6 25.Na5 Ba8 26.axb5 axb5 27.Rfd1 Nf6 28.h3 Qd4 29.Qa3 Nh5
30.Nxb5 Qf2 31.Nc4 Ng3+ 32.Kh2 Qf4 33.Rc2 Nxe4+ 34.Kg1 Ng5 35.Qc1 Rxc4 36.dxc4 Qg3
37.Kf1 Ne6 38.Qa3 Qh2 39.Qe3 Nf4 40.Rdd2 h5 41.Nc7 h4 42.Nxa8 Rxa8 43.Ra2 Rc8
44.c5 Nh5 45.Kf2 Ng3 46.Ra1 f5 47.Rd7 Ne4+ 48.Kf1 Rc6 49.Rd8+ Kh7 50.Rd3 Ng3+
51.Kf2 Rg6 52.Rg1 e4 53.Rd6 f4 54.Qc1 Nf5 55.Rxg6 Kxg6 56.Qd1 Qg3+ 57.Ke2 Qe3+  0-1

[Event "ch-Hafnarfjordur"]
[Site "Reykjavik ISL"]
[Date "2007.12.14"]
[Round "3"]
[White "Sigurdsson,Ja"]
[Black "Palsson,S"]
[Result "1/2-1/2"]
[WhiteElo "1837"]
[BlackElo "1829"]

1.e4 c5 2.Nf3 e6 3.d4 cxd4 4.Nxd4 a6 5.Bd3 Qc7 6.O-O Bc5 7.Nb3 Ba7 8.Qg4 Ne7
9.Bf4 d6 10.e5 dxe5 11.Qxg7 Rg8 12.Qxe5 Qxe5 13.Bxe5 Ng6 14.Bc3 Nf4 15.g3 Nxd3
16.cxd3 Nc6 17.N1d2 f5 18.Nc4 Kd7 19.Ne5+ Nxe5 20.Bxe5 b5 21.Rac1 Bb6 22.Nc5+ Ke7
23.Rc2 Bxc5 24.Rxc5 Bd7 25.Rfc1 Rgc8 26.Rxc8 Rxc8 27.Rxc8 Bxc8 28.f3 Bb7
29.Kf2 Bd5 30.a3 Bc6 31.Ke3 Bd5 32.g4 fxg4 33.fxg4 Kd7 34.h4 Bg2 35.Kf4 Bh3
36.Kg5 Bf1 37.d4 Ke7 38.Kh6 Bd3 39.Kg7 Be4 40.h5 Bd3 41.g5 Be4 42.g6 hxg6
43.hxg6 Bd3 44.Bf6+ Ke8 45.Kh6 Bc2 46.g7 Kf7 47.Kg5 a5 48.Kf4 b4 49.axb4 axb4
50.Ke5 Bh7 51.Bd8 b3 52.Kd6 Bf5 53.Bf6 Bh7 54.Be5 Bf5 55.Kd7  1/2-1/2

[Event "5th Elizaveta Bykova Mem"]
[Site "Vladimir RUS"]
[Date "2007.12.15"]
[Round "2"]
[White "Zdebskaja,N"]
[Black "Sharevich,A"]
[Result "1-0"]
[WhiteElo "2303"]
[BlackElo "2289"]

1.e4 c5 2.Nf3 e6 3.d4 cxd4 4.Nxd4 a6 5.Bd3 Bc5 6.Nb3 Be7 7.Qg4 g6 8.Qe2 d6
9.O-O Nd7 10.Na3 b6 11.Nc4 Bb7 12.a4 Qc7 13.a5 bxa5 14.Rxa5 Ngf6 15.Bh6 Bf8
16.Bf4 e5 17.Bd2 Be7 18.f3 O-O 19.Ne3 Qb6 20.Kh1 Nb8 21.Rfa1 Nc6 22.R5a4 Nd4
23.Nxd4 exd4 24.Nc4 Qc5 25.Bb4 Qc7 26.Ba5 Qc5 27.Bb6 Qh5 28.Bxd4 d5 29.exd5 Nxd5
30.Qe5 Qxe5 31.Nxe5 Nb4 32.Ng4 h5 33.Rxb4 Bxb4 34.Nf6+ Kg7 35.Nd5+ Kg8 36.Nxb4 a5
37.Na2 Rfd8 38.Bc3 Bd5 39.Kg1 Rdc8 40.Kf2 f5 41.Nc1 a4 42.Ra3 Bc4 43.Ke3 Kf7
44.Ne2 Re8+ 45.Kd2 Bxd3 46.Kxd3 g5 47.Bd4 Re6 48.Rc3 Kg6 49.h4 Rd8 50.Rc7 Kh6
51.hxg5+ Kxg5 52.f4+ Kg6 53.Ng3 Rg8 54.Rc5 Rf8 55.Re5 Rxe5 56.Bxe5 h4 57.Ne2 Kh5
58.Ke3 Kg4 59.c4 Rc8 60.Kd4 Kh5 61.g3 hxg3 62.c5 Kg6 63.Kd5 Kf7 64.c6 Ke7
65.Kc5 Ke6 66.Kb6 Kd5 67.c7 Ke6 68.Kc6 Ke7 69.Bc3 Ke6 70.Be1 Rg8 71.Bxg3 Rc8
72.Bh4  1-0

[Event "7th Amplico AIG Life"]
[Site "Warsaw POL"]
[Date "2007.12.15"]
[Round "1"]
[White "Tomczak,J"]
[Black "Tulwin,M"]
[Result "1/2-1/2"]
[WhiteElo "2443"]
[BlackElo "1767"]

1.e4 c5 2.Nf3 e6 3.d4 cxd4 4.Nxd4 a6 5.Bd3 Qc7 6.O-O b5 7.a4 b4 8.c4 Bb7
9.Be3 Nf6 10.Nd2 Bd6 11.g3 Nc6 12.Nxc6 Qxc6 13.f3 Qc7 14.Kg2 h5 15.Rc1 h4
16.Qe1 hxg3 17.hxg3 Nh5 18.Bf2 Bxg3 19.Bxg3 Nf4+ 20.Bxf4 Qxf4 21.Rh1 Qg5+
22.Kf2 Rxh1 23.Qxh1 Qxd2+ 24.Be2 Qxb2 25.Rd1 Qf6 26.Qh2 Bxe4 27.Qd6 Bc6 28.Rh1 g6
29.Qxb4 g5 30.Rg1 Qd4+ 31.Kf1 Qa1+ 32.Kf2 Qd4+ 33.Kf1 Qf4 34.Rg4 Qf5 35.Kf2 f6
36.Rg1 Kf7 37.Rh1 g4 38.Qd6 gxf3 39.Bd3 Qg5 40.Rg1 Qd2+ 41.Kf1 Qd1+ 42.Kf2 Qd2+
43.Kf1  1/2-1/2

[Event "7th Amplico AIG Life"]
[Site "Warsaw POL"]
[Date "2007.12.15"]
[Round "1"]
[White "Balogh,C"]
[Black "Staniszewska,A"]
[Result "1-0"]
[WhiteElo "2562"]
[BlackElo "1838"]

1.e4 c5 2.Nf3 e6 3.d4 cxd4 4.Nxd4 a6 5.Bd3 Qc7 6.O-O Nc6 7.Nxc6 bxc6 8.f4 d5
9.e5 Rb8 10.c4 Qb6+ 11.Kh1 g6 12.cxd5 cxd5 13.Qa4+ Bd7 14.Qxa6 Qb4 15.a3 Qd4
16.Nc3 Nh6 17.Ne2 Qc5 18.b4 Qc7 19.Be3 Qd8 20.Ba7 Ra8 21.Qb7 Be7 22.Rfc1 Rc8
23.Bb6 Rxc1+ 24.Rxc1 Ng4 25.Bxd8 Nf2+ 26.Kg1 Nxd3 27.Bb6  1-0

[Event "7th Amplico AIG Life"]
[Site "Warsaw POL"]
[Date "2007.12.15"]
[Round "2"]
[White "Ganguly,S"]
[Black "Warakomska,A"]
[Result "1-0"]
[WhiteElo "2585"]
[BlackElo "2167"]

1.e4 c5 2.Nf3 e6 3.d4 cxd4 4.Nxd4 a6 5.Bd3 Nf6 6.O-O Qc7 7.Qe2 d6 8.f4 Nbd7
9.b3 Be7 10.Bb2 O-O 11.c4 Re8 12.Nxe6 fxe6 13.e5 d5 14.exf6 Nxf6 15.Nd2 Bd7
16.Kh1 Bc6 17.Qxe6+ Kh8 18.Qh3 Bd7 19.Qg3 Be6 20.Rae1 Bg8 21.cxd5 Bxd5 22.Nc4 Bxc4
23.Bxc4 Rad8 24.a4 Bb4 25.Rxe8+ Rxe8 26.h3 Qd7 27.Qf3 Rd8 28.f5 b5 29.Be6 Qd2
30.Be5 Be7 31.axb5 axb5 32.Ra1 h6 33.Bc7 Rd3 34.Qa8+ Kh7 35.Bf7  1-0

[Event "7th Amplico AIG Life"]
[Site "Warsaw POL"]
[Date "2007.12.15"]
[Round "3"]
[White "Weinzettl,E"]
[Black "Flores,Di"]
[Result "0-1"]
[WhiteElo "2304"]
[BlackElo "2566"]

1.e4 c5 2.Nf3 e6 3.d4 cxd4 4.Nxd4 a6 5.Bd3 Qc7 6.Nc3 b5 7.O-O Bb7 8.Qe2 Bd6
9.f4 Bc5 10.Be3 Qb6 11.Qf2 Nf6 12.Nf5 Bxe3 13.Nxe3 b4 14.e5 bxc3 15.exf6 cxb2
16.Rab1 gxf6 17.c4 Rg8 18.Rxb2 Qc7 19.Qh4 Qc5 20.Re1 Bc6 21.Qxh7 Rf8 22.Qh4 Qd4
23.Rd2 Rg8 24.Qf2 Qc5 25.Bf1 a5 26.Nd5 Qxf2+ 27.Kxf2 Bxd5 28.cxd5 Ke7 29.Bb5 Rc8
30.a4 Ra7 31.h4 Na6 32.h5 f5 33.Red1 Nc5 34.dxe6 fxe6 35.Kg1 Rh8 36.Rc2 Ne4
37.Bd3 Nf6 38.Be2 Nxh5 39.Bxh5 Rxh5 40.Rc5 Rh8 41.Re1 Kf6 42.Ree5 Rha8 43.Rb5 Ra6
44.Rec5 Rd6 45.Rxa5 Rg8 46.Rc2 Rd4 47.Ra7 d5 48.Rf2 Rg4 49.a5 Rgxf4 50.a6 Rd1+  0-1

[Event "7th Amplico AIG Life"]
[Site "Warsaw POL"]
[Date "2007.12.15"]
[Round "6"]
[White "Jedryczka,K"]
[Black "Grabliauskas,V"]
[Result "1/2-1/2"]
[WhiteElo "2266"]
[BlackElo "2433"]

1.e4 c5 2.Nf3 e6 3.d4 cxd4 4.Nxd4 a6 5.Bd3 Nf6 6.Qe2 d6 7.c4 Nbd7 8.Nc3 Qc7
9.f4 g6 10.Nf3 Bg7 11.O-O O-O 12.Kh1 b6 13.Bd2 Bb7 14.Rae1 Rad8 15.Qf2 Nc5
16.Bb1 d5 17.cxd5 exd5 18.e5 Nfe4 19.Nxe4 dxe4 20.Ng5 f6 21.Nxe4 Nxe4 22.Bxe4 Bxe4
23.Rxe4 fxe5 24.Bc3 Rxf4 25.Rxf4 exf4 26.Bxg7 Kxg7 27.h3 g5 28.Qe2 b5 29.Re1 Rd7
30.Qh5 Qc5 31.Re6 Re7 32.Qh6+ Kf7 33.Rxe7+ Kxe7 34.Qxh7+ Kd8 35.Qh8+ Kc7
36.Qg7+ Kb6 37.Qf6+ Kb7 38.Qg7+ Kc8 39.Qf6 a5 40.Qa6+ Kd7 41.Qxa5 Qc1+ 42.Kh2 Qxb2
43.Qa7+ Ke6 44.Qb6+ Kd5 45.Qd8+ Ke4 46.Qxg5 b4 47.Qe7+ Kd3 48.Qd6+ Ke3 49.Qd1 Qxa2
50.Qe1+ Qe2 51.Qxb4 f3 52.Qc3+ Ke4 53.Qc6+ Ke3 54.Qc3+ Ke4 55.Qxf3+ Qxf3
56.gxf3+ Kxf3  1/2-1/2

[Event "7th Amplico AIG Life"]
[Site "Warsaw POL"]
[Date "2007.12.15"]
[Round "7"]
[White "Guliyev,N"]
[Black "Truskavetsky,A"]
[Result "1-0"]
[WhiteElo "2560"]
[BlackElo "2398"]

1.e4 c5 2.Nf3 e6 3.d4 cxd4 4.Nxd4 a6 5.Bd3 g6 6.O-O Bg7 7.Be3 Ne7 8.Nd2 O-O
9.a4 d5 10.c3 e5 11.N4f3 f5 12.exd5 Nxd5 13.Bc4 Kh8 14.Bc5 Re8 15.Re1 Nc6
16.Ng5 Qxg5 17.Bxd5 e4 18.Nc4 Be6 19.Nd6 Ne5 20.Kh1 Rad8 21.Nxe8 Bxd5 22.Nxg7 e3
23.f3 Bxf3 24.gxf3 Rxd1 25.Raxd1 Kxg7 26.Rxe3 Nc4 27.Rd7+  1-0

[Event "7th Amplico AIG Life"]
[Site "Warsaw POL"]
[Date "2007.12.15"]
[Round "8"]
[White "Dlugosz,J"]
[Black "Dziuba,M"]
[Result "0-1"]
[WhiteElo "2332"]
[BlackElo "2538"]

1.e4 c5 2.Nf3 e6 3.d4 cxd4 4.Nxd4 a6 5.Bd3 Bc5 6.Nb3 Ba7 7.Qe2 Nc6 8.Be3 d6
9.O-O Nge7 10.c4 Bxe3 11.Qxe3 e5 12.Nc3 O-O 13.Rfd1 a5 14.Na4 Be6 15.Bf1 Qc7
16.Rac1 Rad8 17.Nb6 Qb8 18.Nd5 a4 19.Na1 f5 20.Qg5 Ng6 21.exf5 Rxf5 22.Qe3 Rdf8
23.f3 Nf4 24.Nc2 Kh8 25.Nxf4 Rxf4 26.Bd3 Bxc4 27.Be4 Bxa2 28.Qd3 d5 29.Bxd5 Rd8
30.Qb5 Bxd5 31.Rxd5 Rxd5 32.Qxd5 Rf8 33.Ne3 Rd8 34.Qc5 Qc7 35.Nc4 h6 36.Qe3 Rd4
37.Rc2 Nb4  0-1

[Event "TCh-HUN 2007-8"]
[Site "Budapest HUN"]
[Date "2007.12.16"]
[Round "5"]
[White "To,N"]
[Black "Papp,Ga"]
[Result "0-1"]
[WhiteElo "2281"]
[BlackElo "2489"]

1.e4 c5 2.Nf3 e6 3.d4 cxd4 4.Nxd4 a6 5.Bd3 Nf6 6.O-O Qc7 7.c4 d6 8.Nc3 g6
9.Be3 Bg7 10.f3 O-O 11.Qd2 Nbd7 12.Rfd1 b6 13.Bf1 Rd8 14.Rac1 Bb7 15.b3 Rac8
16.Kh1 Qb8 17.Nde2 Bf8 18.Bf4 Ne5 19.Bg5 Bg7 20.Qf4 Nh5 21.Qe3 f6 22.Bh4 g5
23.Bf2 g4 24.Bh4 gxf3 25.gxf3 Re8 26.Bg2 f5 27.Qxb6 fxe4 28.Nxe4 Rc6 29.Qe3 d5
30.N4g3 Nf6 31.Nd4 Rcc8 32.Bxf6 Bxf6 33.Nh5 Bh8 34.Bh3 dxc4 35.Rg1+ Kf7 36.Qh6 Ke7
37.Qxe6+ Kd8 38.Rg8 Kc7 39.Rxc4+ Nxc4 40.Qxc4+ Kb6 41.Bxc8 Rxg8 42.Qxg8 Qxc8
43.Qxc8 Bxc8 44.Ne2 Bf5 45.Nhf4 Kc5 46.Kg2 Bb2 47.Kf2 Kb4 48.Ke3 Ka3 49.Nd3 Bf6
50.Nd4 Bc8 51.Nc1 Kb2 52.Nde2 a5 53.f4 Bf5 54.Kd2 Bg4 55.Kd3 h5 56.Kd2 h4
57.Kd3 h3 58.Kd2 Bc8 59.Kd3 Ba6+ 60.Kd2 Bg7 61.Kd1 Bf8 62.Kd2 Bd6 63.Kd1 Bc8
64.Kd2 Bf5 65.Ke3 Bc5+ 66.Kd2 Bb6 67.Ng3 Bh7 68.Nge2 Ba7 69.Nd3+ Kxa2 70.b4 a4
71.Nc3+ Kb3 72.b5 a3 73.Nc1+ Kc4 74.N3e2 Bb1 75.Nc3 Bf5 76.Nd1 Bb1 77.Nc3 Bh7
78.N3e2 Bb6 79.Ng3 Bb1 80.f5 Bc7 81.f6 Bf4+ 82.Kd1 Bxg3 83.f7 Bd6 84.b6 Bg6
85.b7 Bxf7  0-1

[Event "TCh-HUN 2007-8"]
[Site "Budapest HUN"]
[Date "2007.12.16"]
[Round "5"]
[White "Horvath,Ad1"]
[Black "Butunoi,A"]
[Result "0-1"]
[WhiteElo "2501"]
[BlackElo "2403"]

1.e4 c5 2.Nf3 e6 3.d4 cxd4 4.Nxd4 a6 5.Bd3 Qc7 6.O-O Nf6 7.Qe2 d6 8.c4 g6
9.Nc3 Bg7 10.Nf3 O-O 11.Rd1 Nc6 12.Bf4 Nd7 13.Rac1 Nde5 14.Bb1 Nxf3+ 15.Qxf3 e5
16.Bg5 Nd4 17.Rxd4 exd4 18.Nd5 Qd7 19.Bf6 Qg4 20.Qd3 Qh5 21.Qxd4 Qh6 22.f4 Be6
23.Bxg7 Qxg7 24.Nf6+ Kh8 25.Rd1 b5 26.f5 Bc8 27.Qxd6 bxc4 28.h4 Bb7 29.Qe7 gxf5
30.Rd4 Rg8 31.g4 Rae8 32.Nxe8 Qxg4+ 33.Kf2 Qf4+ 34.Ke1 Rg1+ 35.Ke2  0-1

[Event "XX Carlos Torre Magistral"]
[Site "Merida MEX"]
[Date "2007.12.16"]
[Round "3"]
[White "De la Paz Perdomo,F"]
[Black "Hernandez Carmenates,Hold"]
[Result "0-1"]
[WhiteElo "2441"]
[BlackElo "2566"]

1.e4 c5 2.Nf3 e6 3.d4 cxd4 4.Nxd4 a6 5.Bd3 g6 6.c4 Bg7 7.Nf3 Ne7 8.O-O Nbc6
9.Nc3 O-O 10.Bg5 h6 11.Bf4 d5 12.exd5 exd5 13.c5 b6 14.cxb6 Qxb6 15.Na4 Qd8
16.Rc1 g5 17.Bd2 Rb8 18.b3 Qd6 19.Nc5 a5 20.Bc3 d4 21.Bb2 Bg4 22.h3 Bh5 23.Ne4 Qf4
24.g4 Bg6 25.Ng3 a4 26.Re1 axb3 27.axb3 Rxb3 28.Qxb3 Qxf3 29.Bc4 Qxb3 30.Bxb3 Rb8
31.Ba3 d3 32.Nf1 Nd4 33.Bd1 Nd5 34.Bd6 Rb2 35.Re8+ Kh7 36.Rb8 Ra2 37.Bb3 Ne2+
38.Kh2 Nxc1 39.Bxa2 Nxa2 40.Rd8 Nac3 41.Bb8 Bf6 42.Rd7 Nb6 43.Ra7 Nc4 44.Rd7 Nb1
45.Kg2 d2 46.f3 Kg7 47.h4 Bc2 48.Nxd2 Nbxd2 49.hxg5 hxg5 50.f4 Bd1 51.fxg5 Bxg5
52.Kh3 Be2 53.Ba7 Ne5 54.Bd4 Bxg4+ 55.Kg2 Bxd7  0-1

[Event "XX Carlos Torre Magistral"]
[Site "Merida MEX"]
[Date "2007.12.16"]
[Round "3"]
[White "Quezada Perez,Y"]
[Black "Zapata,Alo"]
[Result "1/2-1/2"]
[WhiteElo "2546"]
[BlackElo "2495"]

1.e4 c5 2.Nf3 e6 3.d4 cxd4 4.Nxd4 a6 5.Bd3 Nf6 6.O-O Qc7 7.Qe2 d6 8.c4 g6
9.Nc3 Bg7 10.Nf3 Nc6 11.h3 O-O 12.Be3 Nd7 13.Rac1 b6 14.Rfd1 Bb7 15.Bb1 Nc5
16.Qd2 Rfd8 17.Bg5 Rd7 18.Bh6 Bh8 19.Qe3 Rc8 20.b3 Ba8 21.Rd2 Qb8 22.Ne2 Re8
23.Qf4 Qd8 24.Rcd1 e5 25.Qg4 Bg7 26.Bg5 Qc7 27.Be3 Ne6 28.h4 h5 29.Qg3 b5
30.cxb5 axb5 31.Ng5 Ncd4 32.Bxd4 Nxd4 33.Nxd4 exd4 34.Bd3 Qb6 35.a4 Bc6 36.axb5 Bxb5
37.Bxb5 Qxb5 38.Qd3 Rb7 39.Qxb5 Rxb5 40.Nf3 Rxe4 41.Nxd4 Rxd4  1/2-1/2

[Event "7th Amplico AIG Life"]
[Site "Warsaw POL"]
[Date "2007.12.16"]
[Round "10"]
[White "Dlugosz,J"]
[Black "Kozak,Ma"]
[Result "1-0"]
[WhiteElo "2332"]
[BlackElo "2179"]

1.e4 c5 2.Nf3 e6 3.d4 cxd4 4.Nxd4 a6 5.Bd3 Nf6 6.O-O Qc7 7.c4 d6 8.b3 Nc6
9.Bb2 Be7 10.Qe2 O-O 11.Nd2 Nxd4 12.Bxd4 e5 13.Bb2 Re8 14.Rac1 Bf8 15.f4 b6
16.f5 Qe7 17.Rf2 g6 18.Rcf1 Bg7 19.g4 Qd8 20.Rg2 Bd7 21.Nb1 Bc6 22.Nc3 Rb8
23.Bc1 b5 24.Rgf2 gxf5 25.Rxf5 Bd7 26.g5 Bxf5 27.gxf6 Qxf6 28.Rxf5 Qg6+ 29.Rg5 Qe6
30.Nd5 Kh8 31.Nc7 Qe7 32.Nxe8 Bh6 33.Qh5 Bxg5 34.Bxg5 Qa7+ 35.Kf1  1-0

[Event "7th Amplico AIG Life"]
[Site "Warsaw POL"]
[Date "2007.12.16"]
[Round "11"]
[White "Gasik,An"]
[Black "Truskavetsky,A"]
[Result "0-1"]
[WhiteElo "2191"]
[BlackElo "2398"]

1.e4 c5 2.Nf3 e6 3.d4 cxd4 4.Nxd4 a6 5.Bd3 g6 6.O-O Bg7 7.Be3 Ne7 8.c4 Nbc6
9.Bc2 O-O 10.Nc3 d6 11.Qd2 Ne5 12.Qe2 Qc7 13.Bb3 b6 14.Rac1 Re8 15.f4 N5c6
16.Nxc6 Nxc6 17.Qf2 Rb8 18.Nd5 exd5 19.cxd5 Rxe4 20.dxc6 Be6 21.Bxe6 fxe6
22.b3 d5 23.Rfe1 b5 24.Kh1 Rc8 25.Bb6 Rxe1+ 26.Qxe1 Qd6 27.Bc5 Qxc6 28.h3 Qd7
29.Qa5 Rc6 30.a4 bxa4 31.Qxa4 Qc7 32.b4 Bf8 33.Re1 Bxc5 34.bxc5 Kf7 35.Qa1 Qc8
36.f5 gxf5 37.Qd1 Qg8 38.Qa4 Rxc5 39.Qd7+ Kf6 40.Re2 Rc1+ 41.Kh2 Rc3 42.Qd6 Qc8
43.Qe5+ Kf7 44.Rb2 Qc7 45.Rb7 Qxb7 46.Qxc3 Qb8+ 47.g3 Qd6 48.Qh8 d4 49.Qxh7+ Ke8
50.Qh8+ Kd7 51.Qg7+ Kc6 52.Qa7 Kd5 53.Qa8+ Kc4 54.Qc8+ Kb3 55.Qb7+ Kc3 56.Qb1 d3
57.Qc1+ Kd4 58.h4 Qc5 59.Qf4+ Kd5 60.Qf3+ Kc4 61.Qf4+ Kb3 62.Qf3 Kc2  0-1

[Event "7th Amplico AIG Life"]
[Site "Warsaw POL"]
[Date "2007.12.16"]
[Round "11"]
[White "Ganguly,S"]
[Black "Flores,Di"]
[Result "1-0"]
[WhiteElo "2585"]
[BlackElo "2566"]

1.e4 c5 2.Nf3 e6 3.d4 cxd4 4.Nxd4 a6 5.Bd3 Qc7 6.O-O Nf6 7.Qe2 d6 8.b3 g6
9.Bb2 Bg7 10.f4 O-O 11.Nd2 Nbd7 12.c4 b6 13.Kh1 Bb7 14.Rad1 Rfe8 15.N4f3 e5
16.f5 Nc5 17.Bb1 b5 18.Rc1 bxc4 19.Rxc4 a5 20.Rcc1 Ba6 21.Nc4 d5 22.exd5 Nxd5
23.fxg6 fxg6 24.Nfxe5 Nb6 25.Qc2 Bxe5 26.Bxe5 Rxe5 27.Nxe5 Qxe5 28.Rfe1 Qf4
29.Qxc5 Rc8 30.Qe3  1-0

[Event "XX Carlos Torre Magistral"]
[Site "Merida MEX"]
[Date "2007.12.17"]
[Round "4"]
[White "Sanchez Enriquez,O"]
[Black "Arencibia Rodriguez,W"]
[Result "0-1"]
[WhiteElo "2253"]
[BlackElo "2562"]

1.e4 c5 2.Nf3 e6 3.d4 cxd4 4.Nxd4 a6 5.Bd3 g6 6.c4 Bg7 7.Be3 d6 8.O-O Nf6
9.Nc3 O-O 10.Qe2 Nbd7 11.a4 Ne5 12.a5 Nfg4 13.Bd2 Nxd3 14.Qxd3 Ne5 15.Qe2 Qc7
16.Ra4 Bd7 17.Rb4 Rfc8 18.b3 Rab8 19.Na4 Bxa4 20.Rxa4 Nd7 21.Bc3 d5 22.exd5 exd5
23.Ba1 Nc5 24.Ra2 Re8 25.Qc2 Re4 26.b4 Bxd4 27.cxd5 Bxa1 28.bxc5 Re5 29.Raxa1 Rxd5
30.Rfc1 Rc8 31.Qb3 Rxc5 32.Rxc5 Qxc5 33.h3 Rc7 34.Qa4 Qe5 35.Rd1 Kg7 36.Qb4 h5
37.h4 Qc3 38.Qb6 Qc6 39.Qd4+ Qf6 40.Qb4 Rc2 41.Rd2 Rxd2 42.Qxd2 Qxh4 43.Qb2+ Qf6
44.Qb4 Qa1+ 45.Kh2 Qe5+ 46.Kg1 Qd5 47.Qc3+ Kh7 48.Qc7 g5 49.Qb6 Kg7 50.Qb2+ f6
51.Qb6 h4 52.Qc7+ Kg6 53.Qb6 g4 54.Qb1+ Qf5 55.Qe1 Kf7 56.Qb4 g3 57.fxg3 hxg3
58.Qb3+ Ke8 59.Qxg3 Qc5+ 60.Kf1 Qc4+ 61.Kg1 Qd4+ 62.Kf1 Kd7 63.Qf3 Kc7 64.Qf5 Qd1+
65.Kf2 Qd6 66.g4 b6 67.Qh7+ Kc6 68.Qe4+ Kb5 69.axb6 Qxb6+ 70.Kg3 Qd6+ 71.Kh3 a5
72.Qe2+ Kb6 73.Qb2+ Kc6 74.Qc3+ Kb5 75.Qb2+ Ka4 76.Qc2+ Kb5 77.Qb2+ Kc6 78.Qc3+ Kb6
79.Qb2+ Ka6 80.Qe2+ Ka7 81.Qb5 Qa3+ 82.Kh4 Qc3 83.Qd7+ Kb6 84.Kh5 Qc7 85.Qe6+ Qc6
86.Qa2 a4 87.Kg6 Qe4+ 88.Kxf6 Qf4+ 89.Ke7 Qxg4 90.Qf2+ Kb5 91.Qa2 Qc4 92.Qa1 Qe4+
93.Kf7 Qf3+ 94.Ke7 a3 95.Qe5+ Kc4 96.Qa1 Qe2+ 97.Kf7 a2 98.Qc1+ Kb3 99.Kf8 Qf3+
100.Ke7 Qb7+ 101.Kf6 Qa6+  0-1

[Event "5th Elizaveta Bykova Mem"]
[Site "Vladimir RUS"]
[Date "2007.12.17"]
[Round "4"]
[White "Meshcheriakova,E"]
[Black "Sharevich,A"]
[Result "1/2-1/2"]
[WhiteElo "2302"]
[BlackElo "2289"]

1.e4 c5 2.Nf3 e6 3.d4 cxd4 4.Nxd4 a6 5.Bd3 Bc5 6.Nb3 Be7 7.O-O d6 8.c4 Nf6
9.Nc3 b6 10.Be3 Bb7 11.f4 Nbd7 12.Qf3 O-O 13.Nd4 Nc5 14.Bb1 Ncd7 15.Bd3 Nc5  1/2-1/2

[Event "4th SICC Masters"]
[Site "Singapore SIN"]
[Date "2007.12.18"]
[Round "3"]
[White "Nguyen Anh Dung"]
[Black "Wang Li"]
[Result "1/2-1/2"]
[WhiteElo "2537"]
[BlackElo "2306"]

1.e4 c5 2.Nf3 e6 3.d4 cxd4 4.Nxd4 a6 5.Bd3 Nf6 6.O-O Qc7 7.Be3 d5 8.Nd2 Nbd7
9.exd5 Nxd5 10.Ne4 N7f6 11.Nxf6+ Nxf6 12.Nf3 Bd7 13.Bd4 Bc5 14.Be5 Bd6 15.Re1 Bc6
16.Bxd6 Qxd6 17.Ne5 Rd8 18.Qe2 Qd5 19.Nxc6 Qxc6 20.Rad1 O-O 21.c3 Rd6 22.Bc2 Rfd8
23.Rxd6 Rxd6 24.Rd1 Kf8 25.h3 Ke7 26.Rxd6 Qxd6 27.Qe3 g6 28.Qa7 Qd2 29.Qxb7+ Kf8
30.Bb3 Qc1+ 31.Kh2 Qf4+  1/2-1/2